Catalog

Record Details

Catalog Search



Diary of a wimpy kid: cabin fever Cover Image Book Book

Diary of a wimpy kid: cabin fever/ by Jeff Kinney.

Kinney, Jeff. (Author).

Summary:

Greg Heffley is in big trouble. School property has been damaged, and Greg is the prime suspect. But the crazy thing is, he’s innocent. Or at least sort of. The authorities are closing in, but when a surprise blizzard hits, the Heffley family is trapped indoors. Greg knows that when the snow melts he’s going to have to face the music, but could any punishment be worse than being stuck inside with your family for the holidays?

Record details

  • ISBN: 9781419702235
  • ISBN: 1419702238
  • Physical Description: 217 pages : illustrations ; 21 cm.
  • Publisher: New York : Amulet Books, ©2011.
Subject: Families > Juvenile fiction.
Fear > Juvenile fiction.
Blizzards > Juvenile fiction.
Middle schools > Juvenile fiction.
Schools > Juvenile fiction.
Christmas stories.
Family life > Fiction.
Diaries > Fiction.
Genre: Humorous stories.
Diary fiction.
Christmas stories.
Christmas fiction.
Novels.
School fiction.
Humorous fiction.

Available copies

  • 2 of 2 copies available at scottsboropl.

Holds

  • 0 current holds with 2 total copies.
Show All Copies
Location Call Number / Copy Notes Barcode Shelving Location Status Due Date
scottsboropl JF Kin 32269001019093 Storage - Juvenile Available -
scottsboropl JF Kin 32269001247256 Juvenile - Fiction Available -

LDR 02191cam a2200457 a 4500
001134362
003SBPL
00520171101165451.0
008111116s2011 nyua b 000 1 eng d
020 . ‡a9781419702235 ‡q(hardcover)
020 . ‡a1419702238 ‡q(hardcover)
035 . ‡a(CONS)134362
035 . ‡a(CPomAG)LMN506812
050 4. ‡aPZ7.K6232 ‡bDr 2011
08204. ‡a[Fic] ‡223
1001 . ‡aKinney, Jeff.
24510. ‡aDiary of a wimpy kid: ‡bcabin fever/ ‡cby Jeff Kinney.
24630. ‡aCabin fever
260 . ‡aNew York : ‡bAmulet Books, ‡c©2011.
300 . ‡a217 pages : ‡billustrations ; ‡c21 cm.
336 . ‡atext ‡2rdacontent
337 . ‡aunmediated ‡2rdamedia
338 . ‡avolume ‡2rdacarrier
4901 . ‡aDiary of a wimpy kid ; ‡vBk 6
520 . ‡aGreg Heffley is in big trouble. School property has been damaged, and Greg is the prime suspect. But the crazy thing is, he’s innocent. Or at least sort of. The authorities are closing in, but when a surprise blizzard hits, the Heffley family is trapped indoors. Greg knows that when the snow melts he’s going to have to face the music, but could any punishment be worse than being stuck inside with your family for the holidays?
650 0. ‡aFamilies ‡vJuvenile fiction.
650 0. ‡aFear ‡vJuvenile fiction.
650 0. ‡aBlizzards ‡vJuvenile fiction.
650 0. ‡aMiddle schools ‡vJuvenile fiction.
650 0. ‡aSchools ‡vJuvenile fiction.
650 0. ‡aChristmas stories.
650 1. ‡aFamily life ‡vFiction.
650 1. ‡aDiaries ‡vFiction.
655 7. ‡aHumorous stories. ‡2lcgft
655 7. ‡aDiary fiction. ‡2lcgft
655 7. ‡aChristmas stories. ‡2lcgft
655 7. ‡aChristmas fiction. ‡2lcgft
655 7. ‡aNovels. ‡2lcgft
655 7. ‡aSchool fiction. ‡2lcgft
655 7. ‡aHumorous fiction. ‡2lcgft
8001 . ‡aKinney, Jeff. ‡tDiary of a wimpy kid ; ‡vBk 6.
901 . ‡a134362 ‡bUnknown ‡c134362 ‡tbiblio

Additional Resources